Stranger Things Characters - Statistics

General Stats
  • This quiz has been taken 194 times
  • The average score is 13 of 15
Answer Stats
Hint Answer % Correct
Chief of Police Jim Hopper
99%
Girl with telekinesis Eleven
98%
Above's daughter Sarah Hopper
98%
Brother of above Jonathan Byers
97%
Boy who goes missing Will Byers
97%
Boy who has no teeth Dustin Henderson
96%
Mother of above Joyce Byers
96%
Boy who has a wrist rocket Lucas Sinclair
94%
Boy who is their friend Mike Wheeler
94%
Above's sister Nancy Wheeler
94%
Above's mother Sandra Hopper
91%
Experimented on above Martin Brenner
85%
Owner of Benny's Burgers Benny Hammond
55%
Agent who kills above Connie Frazier
43%
Police Officer Calvin Callahan
41%
No matching quizzes found
Score Distribution
Percent of People with Each Score
Percentile by Number Answered
Your Score History
You have not taken this quiz